Vplyv reálnych výmenných relácií na blahobyt Kanady

Efekt vplyvu reálnych výmenných relácií na blahobyt Kanady získavame vynásobením percentuálnej zmeny reálnych výmenných relácií a podielu dovozu na HDP za sledované obdobie. V roku 2009 môžeme sledovať veľký pokles reálnych výmenných relácií od 108,5 po 95,0 v porovnaní z predchádzajúcim rokom. Pokl...

ver descrição completa

Na minha lista:
Detalhes bibliográficos
Autor principal: Kunychka, Mykhaylo, 1990-
Formato: Capítulo de Livro
Idioma:eslovaco
Assuntos:
Tags: Adicionar Tag
Sem tags, seja o primeiro a adicionar uma tag!

MARC

LEADER 00000nla a2200000 4500
001 0183913
005 20240502073142.0
041 0 |a slo 
044 |a SK 
245 1 0 |a Vplyv reálnych výmenných relácií na blahobyt Kanady  |c Mykhaylo Kunychka 
520 |a Efekt vplyvu reálnych výmenných relácií na blahobyt Kanady získavame vynásobením percentuálnej zmeny reálnych výmenných relácií a podielu dovozu na HDP za sledované obdobie. V roku 2009 môžeme sledovať veľký pokles reálnych výmenných relácií od 108,5 po 95,0 v porovnaní z predchádzajúcim rokom. Pokles HDP v dôsledku zmeny reálnych výmenných relácií predstavuje 2,8 bodu v percentuálnom ekvivalente. Avšak, zmena reálnych výmenných relácií nemá významný vplyv na blahobyt v Kanade. 
610 2 0 |a obchod medzinárodný 
610 2 0 |a Kanada 
610 2 0 |a blahobyt 
610 2 0 |a relácie výmenné reálne 
100 1 |a Kunychka, Mykhaylo, 1990-